000 01321nam0a2200349 i 4500
001 RU\NLR\BIBL_A\010401234
005 20241103123408.0
010 _a9785905966156
_bВ пер.
021 _aRU
_b2014-26831
_91663
035 _a(NILC)RuMoRGB-006805386
035 _a(NLR Aleph) 010401234
090 _a9708506
_c9708506
100 _a20140616d2013 u y0rusy50 ca
101 0 _arus
102 _aRU
105 _ay|||z||||00yy
200 1 _aДевиантология: социология преступности, наркотизма, проституции, самоубийств и других "отклонений"
_fЯ. Гилинский
205 _a3-е изд., испр. и доп.
210 _aСанкт-Петербург
_cИзд. Дом Алеф-Пресс
_d2013
215 _a632, [1] с.
_cтабл.
_d21
320 _aБиблиогр.: с. 572-631
606 _aОтклоняющееся поведение
_91815536
_3RU\NLR\AUTH\66819496
675 _a343.95
686 1 _aЮ936.2-81
686 1 _aС550.8
700 1 _7ca
_8rus
_aГилинский
_bЯ. И.
_f1934-
_gЯков Ильич
_941610
_3RU\NLR\AUTH\7758678
801 0 _aRU
_bRuMoRKP
_c20070906
_gRCR
801 2 _aRU
_bРГБ
_c20140422
_grcr
942 _cBOOK
980 _aNBR